• 首页
  • 本馆介绍
  • 公告通知
  • 最新文献
  • 馆藏检索
  • 电子资源
  • 读者导购
  • 参考咨询
  • 我的图书馆
  • 登录
  • 详细信息显示
  • 放入我的书架
  • 预约/预借图书
  • 作者相关作品
  • 分类相关作品
  • 丛书相关作品
  • 出版社相关作品

书目信息

  • 表格格式
  • 工作单格式
  • 卡片格式
题名:
汽车车身结构与设计
    
 
作者: 林程 , 王文伟 , 陈潇凯 编著
分册:  
出版信息: 北京   机械工业出版社  2016.04
页数: 402页
开本: 27cm
丛书名:
单 册:
中图分类: U463.82
科图分类:
主题词: 汽车--qi che--车体结构--高等教育--教材 , 汽车--qi che--车体--设计--高等教育--教材
电子资源:
ISBN: 978-7-111-53006-0
000 01083nam0 2200289 450
001 0106081857
005 20201109091916.07
010    @a978-7-111-53006-0@dCNY59.80
100    @a20160525e20192016em y0chiy0110 ea
101 0  @achi
102    @aCN@b110000
105    @aa z 000yy
106    @ar
200 1  @a汽车车身结构与设计@Aqi che che shen jie gou yu she ji@f林程, 王文伟, 陈潇凯编著
205    @a2版
210    @a北京@c机械工业出版社@d2016.04@h2019.11
215    @a402页@c图@d27cm
300    @a普通高等教育“十三五”汽车类规划教材
330    @a本书主要介绍了汽车车身结构与设计的相关内容,分为车身概论、车身开发流程和设计方法、车身总体设计、车身概念设计、车身结构力学性能分析计算、车身结构设计和车身部件结构与设计等部分。
606 0  @a汽车@Aqi che@x车体结构@x高等教育@j教材
606 0  @a汽车@Aqi che@x车体@x设计@x高等教育@j教材
690    @aU463.82@v5
701  0 @a林程@Alin cheng@4编著@f(1968?-)
701  0 @a王文伟@Awang wen wei@4编著@c(汽车)
701  0 @a陈潇凯@Achen xiao kai@4编著
801  0 @aCN@bBJSZM@c20201106
905    @b1193680-3@dU463.82@e937=2@f4
    
    汽车车身结构与设计/林程, 王文伟, 陈潇凯编著.-2版.-北京:机械工业出版社,2016.04(2019.11)
    402页:图;27cm
    普通高等教育“十三五”汽车类规划教材
    
    ISBN 978-7-111-53006-0:CNY59.80
    本书主要介绍了汽车车身结构与设计的相关内容,分为车身概论、车身开发流程和设计方法、车身总体设计、车身概念设计、车身结构力学性能分析计算、车身结构设计和车身部件结构与设计等部分。
●
相关链接 在E读中查询图书 在五车中查询图书 在当当中查询图书 在豆瓣中查询图书


正题名:汽车车身结构与设计     索取号:U463.82/937=2         预约/预借

序号 登录号 条形码 馆藏地/架位号 状态 备注
1 1193680   211936805   第二样本阅览室/ [索取号:U463.82/937=2] 在馆    
2 1193681   211936814   第三借阅区/ [索取号:U463.82/937=2] 在馆    
3 1193682   211936823   第三借阅区/ [索取号:U463.82/937=2] 在馆    
4 1193683   211936832   第三借阅区/ [索取号:U463.82/937=2] 在馆    
唐山师范学院图书馆 欢迎您!
大连网信软件有限公司© 版权所有